• 首页
  • 本馆介绍
  • 公告通知
  • 最新文献
  • 馆藏检索
  • 电子资源
  • 读者导购
  • 参考咨询
  • 我的图书馆
  • 登录
  • 详细信息显示
  • 放入我的书架
  • 预约/预借图书
  • 作者相关作品
  • 分类相关作品
  • 丛书相关作品
  • 出版社相关作品

书目信息

  • 表格格式
  • 工作单格式
  • 卡片格式
题名:
货币战争
    
 
作者: 宋鸿兵 著
分册: 4   战国时代
出版信息: 武汉   长江文艺出版社  2012
页数: 306页
开本: 25cm
丛书名:
单 册:
中图分类: F821.9
科图分类:
主题词: 货币史--世界 , 货币史
电子资源:
ISBN: 978-7-5354-5423-2
000 01046nam0 2200253 450
001 523
005 20140909101745.42
010    @a978-7-5354-5423-2@dCNY39.90
100    @a20120303d2012 em y0chiy50 ea
101 0  @achi
102    @aCN@b420000
105    @aa z 000yy
106    @ar
200 1  @a货币战争@AHuo Bi Zhan Zheng@h4@i战国时代@IZhan Guo Shi Dai@f宋鸿兵著@FSong Hong Bing Zhu
210    @a武汉@c长江文艺出版社@d2012
215    @a306页@c图@d25cm
304    @a英文共同题名:Currency wars
330    @a本书以国际储备货币的战略价值为中心,以美国、欧洲、亚洲三者之间的货币博弈为半径,用经济发展的内在逻辑为线索,把各国的历史经验和现实困境,有机地缝合成一张大国崛起的全景线路图。内容包括:雄心初起,美元失败的远征;摄政天下,剿灭英镑割据;货币冷战,拒绝美元就是拒绝和平;合纵连横,欧洲货币的崛起与困惑;东方欲晓,中日工业化的角力等九章。
606 0  @a货币史@y世界
606 0  @a货币史
690    @aF821.9@v5
701  0 @a宋鸿兵@ASong Hong Bing@c(金融)@4著
801  0 @aCN@bTANGWEI@c20140603
905    @b0841544-46@dF821.9@e69@f3
    
    货币战争.4.战国时代/宋鸿兵著.-武汉:长江文艺出版社,2012
    306页:图;25cm
    
    
    ISBN 978-7-5354-5423-2:CNY39.90
    本书以国际储备货币的战略价值为中心,以美国、欧洲、亚洲三者之间的货币博弈为半径,用经济发展的内在逻辑为线索,把各国的历史经验和现实困境,有机地缝合成一张大国崛起的全景线路图。内容包括:雄心初起,美元失败的远征;摄政天下,剿灭英镑割据;货币冷战,拒绝美元就是拒绝和平;合纵连横,欧洲货币的崛起与困惑;东方欲晓,中日工业化的角力等九章。
●
相关链接 在E读中查询图书 在五车中查询图书 在当当中查询图书 在豆瓣中查询图书


正题名:货币战争     索取号:F821.9/69         预约/预借

序号 登录号 条形码 馆藏地/架位号 状态 备注
1 0841544   208415446   第一样本阅览室/ [索取号:F821.9/69] 在馆    
2 0841545   208415455   密集书库-海洋学院/ [索取号:F821.9/69] 在馆    
3 0841546   208415464   第一借阅区/ [索取号:F821.9/69] 在馆    
唐山师范学院图书馆 欢迎您!
大连网信软件有限公司© 版权所有